书目信息 |
| 题名: |
天云山传奇
|
|
| 作者: | 鲁彦周 著 | |
| 分册: | ||
| 出版信息: | 北京 中国电影出版社 1983.7 |
|
| 页数: | 569页 | |
| 开本: | 20cm | |
| 丛书名: | ||
| 单 册: | ||
| 中图分类: | I207.35 | |
| 科图分类: | ||
| 主题词: | 文学--中国 | |
| 电子资源: | ||
| ISBN: | ||
| 000 | 00645nam0 2200217 45 | |
| 001 | 0312221749 | |
| 005 | 20040415181332.7 | |
| 010 | @dCNY2.30 | |
| 091 | @a8061.1834 | |
| 100 | @a20031222d1983 km y0chiy0120 ea | |
| 101 | @achi | |
| 105 | @a z 000yy | |
| 200 | 1 | @a天云山传奇@ATian Yun Shan Chuan Qi@e从小说到电影@ECong Xiao Shuo Dao Dian Ying@f鲁彦周著@FLu Yan Zhou Zhu |
| 210 | @a北京@c中国电影出版社@d1983.7 | |
| 215 | @a569页@d20cm | |
| 517 | @a从小说到电影@ACong Xiao Shuo Dao Dian Ying | |
| 606 | 0 | @a文学@x中国 |
| 690 | @aI207.35@v3 | |
| 701 | 0 | @a鲁彦周@4著 |
| 801 | @aCN@bTSTCL@c20031222 | |
| 905 | @dI207.35@e23@f3@b176515-517 | |
| 天云山传奇:从小说到电影/鲁彦周著.-北京:中国电影出版社,1983.7 |
| 569页;20cm |
| ISBN :CNY2.30 |
| ● |
| 相关链接 |
|
|
|
|
正题名:天云山传奇
索取号:I207.35/23
 
预约/预借
| 序号 | 登录号 | 条形码 | 馆藏地/架位号 | 状态 | 备注 |
| 1 | 0092319 | 000539867 | 第二借阅区/ [索取号:I207.35/23] | 在馆 | |
| 2 | 0092320 | 000787385 | 第二借阅区/ [索取号:I207.35/23] | 在馆 | |
| 3 | 0092321 | 000539812 | 第二借阅区/ [索取号:I207.35/23] | 在馆 | |
| 4 | 0176515 | 000539821 | 第二借阅区/ [索取号:I207.35/23] | 在馆 | |
| 5 | 0176516 | 000539885 | 第二借阅区/ [索取号:I207.35/23] | 在馆 | |
| 6 | 0176517 | 000539876 | 第一样本阅览室/ [索取号:I207.35/23] | 在馆 |